000
00255nam a2200097Ia 4500
082
_a
EKF SELB
245
0
_a
Welcome to West Wallaby Street
100
_a
SELBY, Rona London, 2003
_9
92946
942
_c
BK
008
210817s9999 xx 000 0 und d
999
_c
379445
_d
379444